=LDR 00000nam 2200000 4500 =001 NUTBA000000000004669 =005 20140919103832.0 =006 =007 =008 =020 ##$$a 979-691-096-9 =035 ##$$a 0010-091400000000702 =040 ##$$a Ind =082 ##$$a 510 =090 ##$$a 510$bIra m =100 ##$$a Irawan, Judith felicia pattiwael irawan =245 ##$$a Matematika ekonomi$cJudith felicia pattiwael irawan =260 ##$$a Jakarta$bSalemba empat$c2001. =300 ##$$a X,155 Hlm$bIlus$c25 cm. =850 ##$$a NBPNMAT =990 ##$$a 20402792 =990 ##$$a 0001/BPAP-NTB/20142014